[Event "DMSl_2006_ LSS_R1"]
[Site "SZSzach"]
[Date "2006.02.25"]
[Round "1.1"]
[White "Bulski, Krzysztof"]
[Black "Piter, Slawomir"]
[Result "1-0"]
[WhiteElo "2366"]
[BlackElo "2159"]
[PlyCount "84"]
[EventDate "2006.??.??"]

1. e4 c5 2. Nc3 Nc6 3. Bb5 e6 4. Bxc6 bxc6 5. d3 Nf6 6. e5 Nd5 7. Ne4 f5 8.
exf6 Nxf6 9. Bg5 Qa5+ 10. Bd2 Qd8 11. Bg5 Qa5+ 12. b4 Qxb4+ 13. c3 Qb2 14.
Nxf6+ gxf6 15. Bxf6 Rg8 16. Qh5+ Rg6 17. Rd1 Kf7 18. Be5 d6 19. Qxh7+ Bg7 20.
Nf3 Rxg2 21. Bg3 Qxc3+ 22. Kf1 Rxg3 23. hxg3 Qf6 24. Qh5+ Ke7 25. Kg2 Bd7 26.
Nh4 Be8 27. Qg4 Qd4 28. Ng6+ Kd7 29. Nf4 Bf7 30. Rb1 Kc7 31. Nxe6+ Bxe6 32.
Qxe6 Qd5+ 33. Qxd5 cxd5 34. Rh7 Rg8 35. Rh4 Bc3 36. Ra4 a5 37. Rf4 d4 38. Rf7+
Kc6 39. Rbb7 Re8 40. Rbc7+ Kd5 41. Rf5+ Ke6 42. Rh5 Rb8 1-0

[Event "DMSl_2006_ LSS_R1"]
[Site "SZSzach"]
[Date "2006.02.25"]
[Round "1.2"]
[White "Porebski, Lukasz"]
[Black "Markiewicz, Jacek"]
[Result "0-1"]
[WhiteElo "2084"]
[BlackElo "2261"]
[PlyCount "48"]
[EventDate "2006.??.??"]

1. e4 c5 2. d3 Nc6 3. g4 g6 4. Nf3 Bg7 5. a3 e6 6. Bg2 Nge7 7. O-O O-O 8. c3 d6
9. Be3 b5 10. a4 b4 11. d4 bxc3 12. Nxc3 c4 13. b3 cxb3 14. Qxb3 Rb8 15. Qa3
Nb4 16. Rfc1 a5 17. Nb5 Ba6 18. Nd2 Nec6 19. e5 d5 20. Bf1 Qb6 21. Qc3 Rfd8 22.
Nb3 Bf8 23. Nc5 Rbc8 24. Nxa6 Nxa6 0-1

[Event "DMSl_2006_ LSS_R1"]
[Site "SZSzach"]
[Date "2006.02.25"]
[Round "1.3"]
[White "Masternak, Aleksander"]
[Black "Worek, Andrzej"]
[Result "1-0"]
[WhiteElo "2224"]
[BlackElo "2031"]
[PlyCount "49"]
[EventDate "2006.??.??"]

1. Nf3 c5 2. c4 d5 3. cxd5 Nf6 4. e4 e6 5. Bb5+ Bd7 6. Bxd7+ Qxd7 7. dxe6 fxe6
8. Nc3 Nc6 9. O-O O-O-O 10. Qa4 g5 11. Rd1 g4 12. Ne1 Bd6 13. d3 Qf7 14. g3 Qh5
15. Qc4 Rhe8 16. d4 cxd4 17. Rxd4 Kb8 18. Be3 Nxd4 19. Qxd4 Qe5 20. Qxa7+ Kc7
21. Nd3 Qh5 22. Bb6+ Kc8 23. Rc1 Bf4 24. Nb5+ Bxc1 25. Qa8+ 1-0

[Event "DMSl_2006_ LSS_R1"]
[Site "SZSzach"]
[Date "2006.02.25"]
[Round "1.4"]
[White "Ochodek, Mariusz"]
[Black "Kwiecien, Zbigniew"]
[Result "1/2-1/2"]
[WhiteElo "2068"]
[BlackElo "2193"]
[PlyCount "35"]
[EventDate "2006.??.??"]

1. e4 e6 2. d4 d5 3. exd5 exd5 4. Nf3 Nf6 5. Bb5+ c6 6. Bd3 Bg4 7. O-O Be7 8.
h3 Bh5 9. Be2 O-O 10. Ne5 Bxe2 11. Qxe2 Re8 12. Qf3 Nbd7 13. Bf4 Nf8 14. c3 Bd6
15. Nd2 Qc7 16. Nd3 Ng6 17. Bxd6 Qxd6 18. Rfe1 1/2-1/2

[Event "DMSl_2006_ LSS_R1"]
[Site "SZSzach"]
[Date "2006.02.25"]
[Round "1.5"]
[White "Matyszkiewicz, Marcin"]
[Black "Moldawski, Michal"]
[Result "1-0"]
[WhiteElo "2099"]
[BlackElo "1963"]
[PlyCount "43"]
[EventDate "2006.??.??"]

1. d4 d6 2. e4 Nf6 3. Nc3 g6 4. Be2 Bg7 5. h4 h5 6. Bg5 Nbd7 7. Qd2 c5 8. Nf3
a6 9. O-O-O b5 10. dxc5 dxc5 11. e5 Ng4 12. Qd5 Rb8 13. e6 fxe6 14. Qe4 Nxf2
15. Qxg6+ Kf8 16. Rhf1 Qe8 17. Qxe8+ Kxe8 18. Rxf2 Nf6 19. Ne5 b4 20. Nc6 Rb6
21. Rd8+ Kf7 22. Ne5# 1-0

[Event "DMSl_2006_ LSS_R1"]
[Site "SZSzach"]
[Date "2006.02.25"]
[Round "1.7"]
[White "Kozak, Pawel"]
[Black "Walach, Marcin"]
[Result "0-1"]
[WhiteElo "2085"]
[BlackElo "2383"]
[PlyCount "78"]
[EventDate "2006.??.??"]

1. c4 c5 2. Nc3 Nc6 3. g3 Nf6 4. Bg2 d6 5. d3 e5 6. e4 Be7 7. Nge2 h5 8. h3 Nd4
9. Nxd4 cxd4 10. Nd5 Nxd5 11. cxd5 Bd7 12. O-O h4 13. g4 g5 14. Qb3 Qb6 15. Bd2
Qxb3 16. axb3 Bb5 17. Rfd1 Bxd3 18. Bxg5 Be2 19. Bxe7 Kxe7 20. Rd2 Bb5 21. Bf1
Bxf1 22. Kxf1 Rhc8 23. Ke2 Rc5 24. Kd3 Rb5 25. Ra3 Rc8 26. Rc2 Rxc2 27. Kxc2 a6
28. g5 f6 29. g6 Kf8 30. Ra1 Kg7 31. Rg1 Rb4 32. f3 a5 33. Rg4 d3+ 34. Kc3 d2
35. Rg1 Rd4 36. Rd1 Kxg6 37. f4 Rxe4 38. fxe5 fxe5 39. Rg1+ Kf5 0-1

[Event "DMSl_2006_ LSS_R1"]
[Site "SZSzach"]
[Date "2006.02.25"]
[Round "1.8"]
[White "Kornasiewicz, Stanislaw"]
[Black "Grzenia, Jerzy"]
[Result "0-1"]
[WhiteElo "2218"]
[BlackElo "2103"]
[PlyCount "132"]
[EventDate "2006.??.??"]

1. e4 c6 2. d4 d5 3. exd5 cxd5 4. Bd3 Nc6 5. c3 g6 6. Nf3 Bg7 7. O-O Nf6 8. Re1
O-O 9. Nbd2 Re8 10. h3 a6 11. Nb3 b6 12. Bf4 Bb7 13. Ne5 Nd7 14. Nxd7 Qxd7 15.
a4 a5 16. Be2 e5 17. dxe5 Bxe5 18. Bxe5 Rxe5 19. Bb5 Qe7 20. Rxe5 Qxe5 21. Bxc6
Bxc6 22. Nd4 Bd7 23. Qd2 Re8 24. Qh6 Qf6 25. Qd2 Re4 26. b3 Qe7 27. Rd1 Re5 28.
Nf3 Rh5 29. Re1 Qf6 30. Qd4 Qxd4 31. Nxd4 Kf8 32. f3 f6 33. f4 Kf7 34. Kf2 g5
35. fxg5 Rxg5 36. Nf3 Rg8 37. Rd1 Be6 38. Nd4 Bd7 39. Re1 Rc8 40. Re3 Rg8 41.
Ne2 Bf5 42. Nd4 Be4 43. g3 f5 44. Ne2 Kf6 45. c4 Rd8 46. cxd5 Rxd5 47. Rc3 Rd3
48. Rxd3 Bxd3 49. Nd4 Ke5 50. Ke3 Be4 51. h4 Bd5 52. h5 h6 53. Nf3+ Kf6 54. Nd2
Kg5 55. Kd4 Bf7 56. Ke5 Bxh5 57. Nc4 Bd1 58. Nxb6 Bxb3 59. Kd4 Kg4 60. Ke5 h5
61. Kf6 Kxg3 62. Kxf5 h4 63. Nd7 h3 64. Nf6 Bc2+ 65. Kg5 h2 66. Nh5+ Kf3 0-1

[Event "DMSl_2006_ LSS_R1"]
[Site "SZSzach"]
[Date "2006.02.25"]
[Round "1.10"]
[White "Brozek, Zbigniew"]
[Black "Chrobak, Piotr"]
[Result "1/2-1/2"]
[WhiteElo "2108"]
[BlackElo "2029"]
[PlyCount "49"]
[EventDate "2006.??.??"]

1. e4 c5 2. c3 d5 3. exd5 Qxd5 4. d4 cxd4 5. cxd4 Nc6 6. Nf3 e5 7. Nc3 Bb4 8.
Bd2 Bxc3 9. Bxc3 a5 10. Nxe5 Nxe5 11. dxe5 Ne7 12. Be2 Bg4 13. Qa4+ Bd7 14. Qa3
Qe6 15. Rd1 Bc6 16. O-O O-O 17. b3 Rfe8 18. Bc4 Bd5 19. Bb5 Rec8 20. Rc1 Ng6
21. Qd6 Nf4 22. Qxe6 Bxe6 23. Bd2 Ng6 24. Bc3 Nf4 25. Bd2 1/2-1/2

[Event "DMSl_2006_ LSS_R1"]
[Site "SZSzach"]
[Date "2006.02.25"]
[Round "1.11"]
[White "Staszczyk, Waldemar"]
[Black "Zawierucha, Aleksander"]
[Result "1/2-1/2"]
[WhiteElo "2044"]
[BlackElo "2039"]
[PlyCount "135"]
[EventDate "2006.??.??"]

1. e4 c5 2. Nf3 d6 3. d4 cxd4 4. Qxd4 Nc6 5. Bb5 Bd7 6. Bxc6 bxc6 7. Nc3 Qb6 8.
O-O Qxd4 9. Nxd4 g6 10. Rd1 Bg7 11. Be3 Nf6 12. Nde2 O-O 13. f3 Rfb8 14. Rab1
Rb7 15. b3 Rc8 16. Na4 h5 17. c4 c5 18. Nac3 Rcb8 19. Rbc1 Ne8 20. Rc2 Bc6 21.
Nc1 Nc7 22. Kf2 Na6 23. a3 Rxb3 24. Nxb3 Rxb3 25. Nb5 Bxb5 26. cxb5 Rxb5 27.
Rc4 Ra5 28. Bc1 Nc7 29. a4 Ra6 30. Bd2 Rb6 31. Ba5 Rb2+ 32. Rd2 Na6 33. Rxb2
Bxb2 34. Bc3 Bxc3 35. Rxc3 Kf8 36. g4 hxg4 37. fxg4 g5 38. Ke2 e6 39. Kd3 d5
40. exd5 exd5 41. Rc1 Nb4+ 42. Kd2 c4 43. a5 Nc6 44. Kc3 Nxa5 45. Rd1 f6 46. h3
Nc6 47. Rxd5 Ne5 48. Ra5 Kg7 49. Rxa7+ Kg6 50. Ra6 Kf7 51. Kd4 Kg6 52. Ra3 Kf7
53. Kd5 Kg6 54. Ke4 Nd3 55. Rc3 Ne5 56. Rc1 Nd3 57. Rc2 Ne5 58. Ra2 Nd3 59. Rc2
Ne5 60. Kd5 Kf7 61. Ra2 Kg6 62. Ra7 Kh6 63. Rc7 Kg6 64. Ke4 Nd3 65. Rxc4 Nf2+
66. Kf3 Nxh3 67. Ra4 Nf4 68. Rxf4 1/2-1/2

[Event "DMSl_2006_ LSS_R1"]
[Site "SZSzach"]
[Date "2006.02.25"]
[Round "1.13"]
[White "Drozd, Ryszard"]
[Black "Szopka, Dariusz"]
[Result "1/2-1/2"]
[WhiteElo "2263"]
[BlackElo "2204"]
[PlyCount "120"]
[EventDate "2006.??.??"]

1. d4 g6 2. c4 Bg7 3. Nc3 d6 4. e4 Nc6 5. Be3 e5 6. d5 Nce7 7. Bd3 f5 8. f3 Nf6
9. Qd2 f4 10. Bf2 O-O 11. O-O-O c6 12. g3 Nh5 13. Kb1 cxd5 14. cxd5 Bd7 15. g4
Nf6 16. h4 a6 17. h5 b5 18. hxg6 hxg6 19. Nh3 Nh7 20. Bh4 b4 21. Ne2 Bb5 22.
Bxb5 axb5 23. Qxb4 Qd7 24. Nc3 Rfb8 25. Rd2 Nc8 26. Rdh2 Nb6 27. Qxb5 Qxb5 28.
Nxb5 Nxd5 29. exd5 Rxb5 30. Rd2 Ra3 31. b3 e4 32. Rc1 e3 33. Rd3 Ra7 34. Rc8+
Kf7 35. Rc4 Be5 36. g5 Rc5 37. Rxc5 dxc5 38. Rd1 c4 39. bxc4 Rb7+ 40. Kc1 Rc7
41. Rd3 Rxc4+ 42. Kd1 Ke7 43. Be1 Kd6 44. a3 Bb2 45. Bb4+ Kd7 46. Rb3 Rc1+ 47.
Ke2 Be5 48. Kd3 Bc7 49. d6 Bxd6 50. Bxd6 Rd1+ 51. Ke4 Kxd6 52. Nxf4 e2 53. Nxe2
Nxg5+ 54. Ke3 Kc5 55. Rc3+ Kb5 56. Nd4+ Ka4 57. Rc6 Kxa3 58. Rxg6 Nxf3 59. Nxf3
Kb4 60. Rc6 Rh1 1/2-1/2

[Event "DMSl_2006_ LSS_R1"]
[Site "SZSzach"]
[Date "2006.02.25"]
[Round "1.14"]
[White "Jonczyk, Jerzy"]
[Black "Osipow, Nikolaj"]
[Result "0-1"]
[WhiteElo "2175"]
[BlackElo "2203"]
[PlyCount "95"]
[EventDate "2006.??.??"]

1. d4 d5 2. Nf3 Nf6 3. Bf4 e6 4. e3 Be7 5. Nbd2 O-O 6. Bd3 b6 7. O-O c5 8. c3
Bb7 9. Rc1 Nbd7 10. Qe2 a6 11. h3 Re8 12. Rfd1 b5 13. Bb1 Qb6 14. Ne5 Rac8 15.
Ndf3 Nxe5 16. Nxe5 a5 17. Bg5 Rc7 18. Bf4 Bd6 19. Nd3 cxd4 20. Bxd6 Qxd6 21.
cxd4 b4 22. Rxc7 Qxc7 23. Rc1 Qb6 24. Qc2 Ba6 25. Ne5 g6 26. Qc7 Qxc7 27. Rxc7
Rc8 28. Rxc8+ Bxc8 29. Nc6 Ba6 30. Nxa5 Bb5 31. Bc2 Nd7 32. Nb7 Nb6 33. b3 Kf8
34. Nc5 Nd7 35. Nxd7+ Bxd7 36. Bd3 h6 37. Kf1 Ke7 38. Ke1 Kd6 39. f4 g5 40. g3
f6 41. fxg5 fxg5 42. h4 gxh4 43. gxh4 e5 44. Kd2 Bg4 45. Ke1 Ke6 46. Kd2 Bf3
47. Bh7 Kd6 48. Ke1 0-1

[Event "DMSl_2006_ LSS_R1"]
[Site "SZSzach"]
[Date "2006.02.25"]
[Round "1.15"]
[White "Janiszewski, Maciej"]
[Black "Majczyna, Andrzej"]
[Result "1-0"]
[WhiteElo "2127"]
[BlackElo "2055"]
[PlyCount "95"]
[EventDate "2006.??.??"]

1. e4 e6 2. d4 d5 3. Nc3 Bb4 4. e5 c5 5. Bd2 Bxc3 6. Bxc3 cxd4 7. Qxd4 Nc6 8.
Qg4 g6 9. h4 h5 10. Qf4 b6 11. Nf3 Bb7 12. O-O-O Qc7 13. Ng5 Nh6 14. Qf6 Rg8
15. Bb5 Qe7 16. Nh7 Ng4 17. Qf4 O-O-O 18. Rhe1 Rh8 19. Ng5 Nh6 20. Qa4 Qd7 21.
f4 Kb8 22. Rd3 Rc8 23. Red1 a6 24. Bxc6 Qxc6 25. Qb3 Rc7 26. Bd4 b5 27. Rc3 Qd7
28. Bc5 Ka8 29. Ne4 Nf5 30. Nf6 Qc8 31. Qb4 Nxh4 32. a4 Nxg2 33. axb5 Nxf4 34.
bxa6 Bxa6 35. Kd2 Ne2 36. Ra3 Rxc5 37. Nd7 Rxc2+ 38. Ke1 Qc6 39. Nb6+ Kb7 40.
Rxa6 Kxa6 41. Ra1+ Kb7 42. Nxd5+ Kc8 43. Ne7+ Kd8 44. Nxc6+ Rxc6 45. Ra8+ Kd7
46. Rxh8 Nc1 47. Qd4+ Kc7 48. Qa7# 1-0

[Event "DMSl_2006_ LSS_R1"]
[Site "SZSzach"]
[Date "2006.02.25"]
[Round "1.16"]
[White "Goliszek, Wieslaw"]
[Black "Zarychta, Krzysztof"]
[Result "0-1"]
[WhiteElo "2120"]
[BlackElo "2203"]
[PlyCount "52"]
[EventDate "2006.??.??"]

1. e4 c5 2. Nf3 d6 3. Bb5+ Bd7 4. Bxd7+ Qxd7 5. O-O Nc6 6. d4 cxd4 7. Nxd4 Nf6
8. Nc3 e6 9. f4 Be7 10. Be3 O-O 11. Qf3 Nxd4 12. Bxd4 b5 13. g4 e5 14. fxe5
dxe5 15. Bxe5 Bc5+ 16. Kh1 Nxg4 17. Bxg7 Kxg7 18. Rad1 Qe6 19. Rd5 Nf2+ 20.
Rxf2 Bxf2 21. Qxf2 Kh8 22. Rf5 f6 23. Qh4 Rae8 24. Rxb5 Re7 25. Qh6 Rg8 26. Rf5
Qxf5 0-1

[Event "DMSl_2006_ LSS_R1"]
[Site "SZSzach"]
[Date "2006.02.25"]
[Round "1.19"]
[White "Latka, Wieslaw"]
[Black "Pinkas, Karol"]
[Result "0-1"]
[WhiteElo "2106"]
[BlackElo "2295"]
[Annotator "dalej zapisy nieczytelne!"]
[PlyCount "77"]
[EventDate "2006.??.??"]

1. e4 e5 2. Nf3 Nc6 3. d4 exd4 4. Nxd4 Nf6 5. Nxc6 bxc6 6. Bd3 d6 7. O-O Be7 8.
b3 O-O 9. Bb2 Nd7 10. Nd2 Bf6 11. Bxf6 Qxf6 12. Qf3 Qxf3 13. Nxf3 Nc5 14. Rfe1
Re8 15. h3 Bd7 16. e5 Nxd3 17. cxd3 c5 18. d4 cxd4 19. exd6 cxd6 20. Nxd4 Rxe1+
21. Rxe1 Rc8 22. Kf1 Kf8 23. Ke2 Ke7 24. Kd3+ Kf6 25. b4 d5 26. a3 a5 27. Rb1
Ke5 28. Re1+ Kd6 29. Rh1 h5 30. h4 g5 31. g3 f6 32. Re1 Rc4 33. Rb1 Be8 34. Rb3
Ke5 35. f4+ gxf4 36. Nf3+ Kd6 37. Ke2 Re4+ 38. Kf2 Bb5 39. Rb2 0-1

[Event "DMSl_2006_ LSS_R1"]
[Site "SZSzach"]
[Date "2006.02.25"]
[Round "1.20"]
[White "Stachanczyk, Jacek"]
[Black "Marzec, Jaroslaw"]
[Result "1-0"]
[WhiteElo "2144"]
[BlackElo "2095"]
[PlyCount "89"]
[EventDate "2006.??.??"]

1. e4 d5 2. exd5 Qxd5 3. Nc3 Qd8 4. d4 e6 5. g3 Nf6 6. Bg2 c5 7. Nge2 cxd4 8.
Nxd4 Bb4 9. O-O Bxc3 10. bxc3 O-O 11. Qe2 Qa5 12. Bd2 Qa6 13. c4 Bd7 14. Rab1
Nc6 15. Bc3 Nxd4 16. Bxd4 Bc6 17. Bxf6 gxf6 18. Qg4+ Kh8 19. Qh4 Bxg2 20. Qxf6+
Kg8 21. Kxg2 Qxc4 22. Rxb7 Qxc2 23. Rb4 Qg6 24. Qf3 f5 25. Rb7 Qg4 26. Qxg4+
fxg4 27. Re1 Rf6 28. Re4 h5 29. Re5 Raf8 30. Rg5+ Kh8 31. Rxh5+ Kg8 32. Rg5+
Kh8 33. Rb2 Rg8 34. Rh5+ Kg7 35. Rh4 Rg6 36. Rb7+ Kf6 37. Rxa7 Rg5 38. Rh6+ Kf5
39. Ra5+ e5 40. Raa6 Ke4 41. Ra4+ Kf5 42. h3 gxh3+ 43. Kxh3 R5g6 44. g4+ Rxg4
45. Rxg4 1-0

[Event "DMSl_2006_ LSS_R1"]
[Site "SZSzach"]
[Date "2006.02.25"]
[Round "1.21"]
[White "Binkiewicz, Dariusz"]
[Black "Zowada, Kazimierz"]
[Result "1-0"]
[WhiteElo "2094"]
[BlackElo "2153"]
[Annotator "dalej zapis nieczytelny"]
[PlyCount "53"]
[EventDate "2006.??.??"]

1. e4 g6 2. d4 d6 3. Bd3 b6 4. Qd2 c5 5. c3 Bg7 6. f3 Nc6 7. Bb5 Bd7 8. Ne2 Qc7
9. Na3 a6 10. Bd3 e5 11. d5 Nce7 12. g4 b5 13. Ng3 h5 14. h3 O-O-O 15. Nc2 h4
16. Nf1 f5 17. a4 c4 18. Be2 bxa4 19. Na3 Bb5 20. Qc2 fxe4 21. fxe4 Nf6 22. Bd2
Nfxd5 23. exd5 Nxd5 24. Bg5 Rdf8 25. O-O-O Nb6 26. Qxg6 d5 27. Nd2 1-0

[Event "DMSl_2006_ LSS_R1"]
[Site "SZSzach"]
[Date "2006.02.25"]
[Round "1.22"]
[White "Majcher, Marcin"]
[Black "Jablonski, Marcin"]
[Result "1-0"]
[WhiteElo "2066"]
[BlackElo "2092"]
[PlyCount "107"]
[EventDate "2006.??.??"]

1. e4 e6 2. d4 d5 3. Nc3 dxe4 4. Nxe4 Nd7 5. Nf3 Ngf6 6. Nxf6+ Nxf6 7. Bg5 Be7
8. Bd3 O-O 9. Qe2 c5 10. dxc5 Qa5+ 11. c3 Qxc5 12. O-O Qc7 13. Nd4 a6 14. Rfe1
Bd8 15. Bc2 Qa5 16. Nf3 Bc7 17. Rad1 h6 18. b4 Qb5 19. Bd3 Qc6 20. Bxf6 gxf6
21. Be4 Qb5 22. Qe3 Kg7 23. Bd3 Qc6 24. Bc2 Rg8 25. Qd3 Kf8 26. g3 Rb8 27. Nd4
Qd5 28. c4 Qh5 29. c5 Bd7 30. Bb3 Rd8 31. Qe4 Bc8 32. Nf3 f5 33. Rxd8+ Bxd8 34.
Qf4 Bf6 35. Ne5 Qg5 36. Qd4 Kg7 37. f4 Qh5 38. Bd1 Qh3 39. Bf3 Rd8 40. Qe3 Kg8
41. Rd1 Rxd1+ 42. Bxd1 Be7 43. Bf3 f6 44. Nc4 Bd7 45. Bxb7 Qh5 46. Bf3 Qf7 47.
c6 Bxb4 48. cxd7 Qxd7 49. Kg2 Qc8 50. Qb3 Qc5 51. Nb2 Kg7 52. Nd3 Qb5 53. Nxb4
a5 54. Nd3 1-0

[Event "DMSl_2006_ LSS_R1"]
[Site "SZSzach"]
[Date "2006.02.25"]
[Round "1.23"]
[White "Jelen, Janusz"]
[Black "Dubiel, Lukasz"]
[Result "1-0"]
[WhiteElo "1999"]
[BlackElo "1893"]
[PlyCount "58"]
[EventDate "2006.??.??"]

1. f4 d5 2. Nf3 Nf6 3. d3 Bg4 4. e3 e6 5. b3 Bd6 6. Be2 c5 7. Bb2 Nc6 8. O-O
O-O 9. Nbd2 Re8 10. Ne5 Bxe2 11. Qxe2 Nd7 12. Nxc6 bxc6 13. e4 e5 14. f5 Nf6
15. c4 Bc7 16. Rad1 a5 17. a4 Rb8 18. g4 h6 19. h4 d4 20. g5 Nh7 21. g6 fxg6
22. fxg6 Nf6 23. Rf5 Re6 24. Rdf1 Qe8 25. Bc1 Bd8 26. Kh2 Rb7 27. Rg1 Kf8 28.
Ba3 Qe7 29. Qf2 Ke8 1-0

[Event "DMSl_2006_ LSS_R1"]
[Site "SZSzach"]
[Date "2006.02.25"]
[Round "1.25"]
[White "Kobialko, Dawid"]
[Black "Lozynski, Kamil"]
[Result "1/2-1/2"]
[WhiteElo "2084"]
[BlackElo "1943"]
[PlyCount "50"]
[EventDate "2006.??.??"]

1. e4 e6 2. d4 d5 3. Nc3 Nf6 4. e5 Nfd7 5. f4 c5 6. Nf3 Nc6 7. Be3 Be7 8. Qd2
a6 9. dxc5 Nxc5 10. Nd4 Qc7 11. Qf2 b6 12. Be2 O-O 13. O-O f6 14. Nxc6 Qxc6 15.
exf6 Bxf6 16. Bd4 Bb7 17. Bf3 Ne4 18. Bxe4 dxe4 19. Bxf6 e3 20. Qe2 Rxf6 21.
Nd1 Raf8 22. Nxe3 Rxf4 23. Rxf4 Rxf4 24. Rf1 Rxf1+ 25. Kxf1 Qe4 1/2-1/2

[Event "DMSl_2006_ LSS_R1"]
[Site "SZSzach"]
[Date "2006.02.25"]
[Round "1.26"]
[White "Botor, Michal"]
[Black "Matuszczyk, Przemyslaw"]
[Result "1-0"]
[WhiteElo "1903"]
[BlackElo "1971"]
[PlyCount "57"]
[EventDate "2006.??.??"]

1. e4 c5 2. Nf3 d6 3. d4 cxd4 4. Nxd4 Nf6 5. Nc3 Nc6 6. Be2 e5 7. Ndb5 a6 8.
Na3 b5 9. Nd5 Nd4 10. c3 Nxe2 11. Qxe2 Be6 12. Bg5 Rc8 13. Rd1 h6 14. Bxf6 gxf6
15. Nc2 f5 16. Ncb4 Rc4 17. exf5 Bxf5 18. Ne3 Re4 19. f3 Rxb4 20. cxb4 Be6 21.
Qd3 Qh4+ 22. g3 Qxb4+ 23. Qc3 Qxc3+ 24. bxc3 f6 25. Nd5 Bxd5 26. Rxd5 Rh7 27.
Ke2 Rc7 28. Rd3 Ke7 29. Rb1 1-0

[Event "DMSl_2006_ LSS_R1"]
[Site "SZSzach"]
[Date "2006.02.25"]
[Round "1.27"]
[White "Tobolski, Jakub"]
[Black "Buchowski, Adam"]
[Result "1/2-1/2"]
[WhiteElo "1939"]
[BlackElo "1993"]
[PlyCount "40"]
[EventDate "2006.??.??"]

1. e4 c6 2. d4 g6 3. c4 d5 4. cxd5 cxd5 5. e5 Nc6 6. Nc3 Nh6 7. Bb5 a6 8. Bxc6+
bxc6 9. b4 Qb6 10. a3 Bg4 11. f3 Bc8 12. Na4 Qb5 13. Nc5 Nf5 14. Ne2 h5 15. Bd2
Bg7 16. Rc1 Qb6 17. Qc2 Ra7 18. Qc3 Rc7 19. Kf2 O-O 20. h3 h4 1/2-1/2

[Event "DMSl_2006_ LSS_R1"]
[Site "SZSzach"]
[Date "2006.02.25"]
[Round "1.28"]
[White "Swiech, Piotr"]
[Black "Walczak, Piotr"]
[Result "1-0"]
[WhiteElo "2081"]
[BlackElo "2023"]
[PlyCount "75"]
[EventDate "2006.??.??"]

1. d4 e6 2. c4 Nf6 3. Nc3 d5 4. Bg5 Nbd7 5. c5 Be7 6. h3 O-O 7. e3 b6 8. b4 a5
9. a3 bxc5 10. bxc5 Ba6 11. Bd3 Bxd3 12. Qxd3 e5 13. Nge2 c6 14. O-O Qc7 15.
Rab1 Rfb8 16. Na4 Rxb1 17. Rxb1 Rb8 18. Rxb8+ Qxb8 19. Qa6 Qc7 20. Nb6 Bd8 21.
Na8 Qb8 22. Qxc6 exd4 23. Nxd4 Nxc5 24. Qxc5 Qxa8 25. Bxf6 Bxf6 26. Nc6 g6 27.
Qxd5 Qc8 28. a4 Kg7 29. e4 Qc7 30. e5 Bg5 31. g3 Qb6 32. h4 Bc1 33. Nd8 Qa7 34.
e6 fxe6 35. Nxe6+ Kf6 36. Nd4 Qb6 37. Nc6 Qb2 38. Nxa5 1-0

[Event "DMSl_2006_ LSS_R1"]
[Site "SZSzach"]
[Date "2006.02.25"]
[Round "1.29"]
[White "Smolka, Marcin"]
[Black "Botor, Michalina"]
[Result "0-1"]
[WhiteElo "1882"]
[BlackElo "1826"]
[PlyCount "58"]
[EventDate "2006.??.??"]

1. e4 e6 2. d4 d5 3. Nc3 Bb4 4. e5 c5 5. a3 cxd4 6. axb4 dxc3 7. Qg4 Kf8 8.
bxc3 Qc7 9. Qg3 Ne7 10. Bd2 Nbc6 11. f4 Nf5 12. Qf2 b6 13. Bd3 Nfe7 14. Nf3 Bd7
15. O-O Rd8 16. Be3 Nf5 17. Bxf5 exf5 18. Rxa7 Qxa7 19. Bxb6 Qa8 20. Bxd8 Nxd8
21. Qc5+ Ke8 22. Rd1 Ne6 23. Qxd5 Qxd5 24. Rxd5 Nxf4 25. Ra5 Ke7 26. Kf2 Rc8
27. Ra3 Nd5 28. Ke2 Nxc3+ 29. Kd3 Nd5 0-1

[Event "DMSl_2006_ LSS_R1"]
[Site "SZSzach"]
[Date "2006.02.25"]
[Round "1.30"]
[White "Halamus, Agata"]
[Black "Leks, Maria"]
[Result "1-0"]
[WhiteElo "1941"]
[BlackElo "1713"]
[PlyCount "55"]
[EventDate "2006.??.??"]

1. c4 c5 2. g3 Nc6 3. Bg2 e5 4. Nc3 g6 5. e4 Bg7 6. Nge2 d6 7. h3 Nge7 8. O-O
O-O 9. d3 f5 10. f4 Be6 11. Rb1 Qd7 12. Kh2 Kh8 13. Be3 Rab8 14. Qd2 a6 15.
fxe5 Nxe5 16. Nf4 b5 17. b3 Bg8 18. Ncd5 Bxd5 19. exd5 Ng8 20. Rbe1 Nf6 21. Ne6
Rf7 22. Bf4 Nh5 23. Nxg7 Rxg7 24. Bxe5 dxe5 25. Rxe5 Qd6 26. Qe3 Rf7 27. Re6
Qd7 28. Qe5+ 1-0

[Event "DMSl_2006_ LSS_R1"]
[Site "SZSzach"]
[Date "2006.02.25"]
[Round "1.31"]
[White "Mrozek, Przemyslaw"]
[Black "Jurek, Pawel"]
[Result "0-1"]
[WhiteElo "2213"]
[BlackElo "2177"]
[PlyCount "76"]
[EventDate "2006.??.??"]

1. d4 Nf6 2. c4 g6 3. Nc3 d5 4. Nf3 Bg7 5. Bg5 Ne4 6. cxd5 Nxg5 7. Nxg5 e6 8.
Qd2 h6 9. Nh3 exd5 10. Qe3+ Kf8 11. Nf4 c5 12. Qf3 cxd4 13. Ncxd5 Kg8 14. g3
Nc6 15. Nd3 Bg4 16. Ne7+ Qxe7 17. Qxg4 Nb4 18. Kd1 Kh7 19. Bh3 Nxd3 20. exd3
Rhe8 21. Rc1 Qb4 22. Rc2 Re7 23. Re2 h5 24. Qf3 Bh6 25. Kc2 Rae8 26. Rxe7 Rxe7
27. Rd1 Rc7+ 28. Kb1 Qc5 29. a3 Qc2+ 30. Ka2 Bc1 31. Rxc1 Qxc1 32. Qd5 Qc5 33.
Qxc5 Rxc5 34. Kb3 b6 35. Bg2 Kg7 36. f4 Kf6 37. h4 Ke6 38. Bf3 f5 0-1

[Event "DMSl_2006_ LSS_R1"]
[Site "SZSzach"]
[Date "2006.02.25"]
[Round "1.32"]
[White "Lukaszek, Stanislaw"]
[Black "Olchowy, Tadeusz"]
[Result "1-0"]
[WhiteElo "2091"]
[BlackElo "2074"]
[PlyCount "63"]
[EventDate "2006.??.??"]

1. d4 g6 2. c4 Bg7 3. e4 d6 4. Nc3 Nf6 5. Nf3 O-O 6. Be2 Nbd7 7. O-O e5 8. Be3
Ng4 9. Bg5 f6 10. Bc1 Nh6 11. h3 Nf7 12. dxe5 Nfxe5 13. Be3 Nxf3+ 14. Bxf3 Ne5
15. Be2 Qe7 16. Nd5 Qd7 17. Qd2 c6 18. Nc3 Re8 19. Rad1 Bf8 20. f4 Nf7 21. f5
g5 22. c5 Qc7 23. Bc4 dxc5 24. e5 Qxe5 25. Rde1 Be7 26. Kh1 Kf8 27. Bxg5 Qd4
28. Bh6+ Kg8 29. Qe2 Qh4 30. Bd2 Qd4 31. Rf4 Qd6 32. Rg4+ 1-0

[Event "DMSl_2006_ LSS_R1"]
[Site "SZSzach"]
[Date "2006.02.25"]
[Round "1.33"]
[White "Miszczak, Dariusz"]
[Black "Ozog, Leon"]
[Result "0-1"]
[WhiteElo "2127"]
[BlackElo "2171"]
[PlyCount "75"]
[EventDate "2006.??.??"]

1. e4 d6 2. d4 Nf6 3. Bd3 e5 4. Ne2 Be7 5. O-O O-O 6. c3 Bg4 7. Be3 Nbd7 8. Nd2
c6 9. f4 c5 10. h3 cxd4 11. cxd4 exf4 12. Rxf4 Bh5 13. Qb3 Qb6 14. Qa3 Ne5 15.
Ng3 Nxd3 16. Qxd3 Bg6 17. Nf5 Bxf5 18. Rxf5 d5 19. e5 Nd7 20. Rff1 Rac8 21.
Rac1 f6 22. Qf5 Rcd8 23. Qd3 a6 24. b3 Qe6 25. exf6 Bxf6 26. Rc7 Qb6 27. Rfc1
Rfe8 28. Bf2 Nf8 29. Nf3 Ne6 30. R7c2 Nf4 31. Qd2 Ne2+ 32. Kh1 Nxc1 33. Qxc1 h6
34. Qd1 Rc8 35. Rd2 Re4 36. Nh2 Bg5 37. Rc2 Rxc2 38. Qxc2 0-1

[Event "DMSl_2006_ LSS_R1"]
[Site "SZSzach"]
[Date "2006.02.25"]
[Round "1.34"]
[White "Kwasny, Leszek"]
[Black "Pawlus, Grzegorz"]
[Result "1/2-1/2"]
[WhiteElo "1909"]
[BlackElo "2061"]
[PlyCount "49"]
[EventDate "2006.??.??"]

1. Nf3 Nf6 2. b3 d5 3. Bb2 e6 4. e3 Be7 5. d4 Nbd7 6. Bd3 O-O 7. Nbd2 b6 8. O-O
Bb7 9. c4 c5 10. Qe2 Rc8 11. Rad1 Qc7 12. Rfe1 Rfd8 13. e4 dxc4 14. Nxc4 cxd4
15. Nxd4 Bb4 16. Rf1 a6 17. f3 b5 18. Ne3 Bc5 19. Kh1 Bd6 20. g3 Nh5 21. f4
Nhf6 22. Ng2 Bc5 23. e5 Nd5 24. Be4 Ne7 25. Rd2 1/2-1/2

[Event "DMSl_2006_ LSS_R1"]
[Site "SZSzach"]
[Date "2006.02.25"]
[Round "1.37"]
[White "Maciol, Ryszard"]
[Black "Lach, Krzysztof"]
[Result "1-0"]
[WhiteElo "2236"]
[BlackElo "2029"]
[PlyCount "105"]
[EventDate "2006.??.??"]

1. d4 d5 2. c4 e6 3. Nc3 Nf6 4. Bg5 c6 5. e3 Be7 6. Nf3 Nbd7 7. Bd3 O-O 8. O-O
Re8 9. Qc2 Nf8 10. Rac1 Bd7 11. Ne5 Rc8 12. Qe2 Ng6 13. f4 dxc4 14. Bxc4 b5 15.
Bb3 Nd5 16. Bxe7 Rxe7 17. Ne4 Be8 18. Nc5 Qd6 19. g3 f6 20. Nxg6 Bxg6 21. e4
Nc7 22. Qe3 Rf8 23. f5 Bf7 24. e5 fxe5 25. dxe5 Qd8 26. f6 Ree8 27. Nb7 Qd7 28.
Nd6 Ra8 29. fxg7 Kxg7 30. Qc5 Nd5 31. Qxc6 Qxc6 32. Rxc6 Bg6 33. Rxf8 Kxf8 34.
Bxd5 exd5 35. Nxb5 a5 36. Rc7 Kg8 37. Nd4 Rb8 38. b3 Rb4 39. Nc6 Re4 40. Ne7+
Kf8 41. Nxd5 Rxe5 42. Nf4 Bf5 43. Kf2 Kg8 44. a3 Rb5 45. Rc3 Kf7 46. Nd3 Be6
47. Nc5 Bd5 48. Ke3 Ke7 49. Kd4 Kd6 50. Ne4+ Bxe4 51. Kxe4 Re5+ 52. Kf4 Rh5 53.
h4 1-0